000 00406nam a22001577a 4500
003 MPLRDC
005 20220105061050.0
008 210129b ||||| |||| 00| 0 eng d
082 _aDISC
100 _a释德扬 编著
245 _a少林大罗汉拳--1 DISC
_c
250 _a初版一刷
260 _a中国
_b成都时代出版社
_c2015
650 _a中国武术--少林拳
942 _cCDA
_oDISC
999 _c68319
_d68309